00557nam a2200181 a 45000010010000000030011000100080041000210350026000620820012000881000023001002450052001232600049001756500014002249420012002389520090002509980020003409990015003600000-8703ELIB.Books110520 1975  a(ELIB.Books)0000-8849 aR bKin aKing James Version aThe Zondervan Parallel N.T in Greek and English bMichigan: Zondervan Publishing House c1975 aReference 2ddccBK 00102ddc4070aKBTSbKBTSd2011-05-20l0p9915r2022-01-22 00:00:00w2022-01-22yBK cbate2011-05-20 c8703d8703